Statistics for 40 държави - 1

Click here to take the quiz!

General Stats

  • This quiz has been taken 197 times
  • The average score is 20 of 40

Answer Stats

Country% Correct
България
95%
Турция
89%
Уругвай
85%
Северна Македония
82%
Австрия
77%
Белгия
75%
Унгария
74%
Украйна
74%
Албания
73%
Сърбия
72%
Боливия
70%
Словакия
65%
Парагвай
65%
Беларус
62%
Шри Ланка
60%
Оман
57%
Норвегия
56%
Иран
56%
Ирак
56%
Канада
56%
Бенин
51%
Исландия
51%
Швеция
48%
Индонезия
44%
Белиз
41%
Малдиви
39%
Дания
36%
Науру
35%
Лаос
35%
Малайзия
35%
Танзания
32%
Кения
31%
Бурунди
29%
Бруней
26%
Мексико
26%
Уганда
23%
Нигерия
20%
Азербайджан
12%
Гвинея Бисау
11%
Доминиканска република
10%

Score Distribution

Percentile by Number Answered

Percent of People with Each Score

Your Score History

You have not taken this quiz